banner-ar

Silver treasures from the land of Sheba : (Record no. 63040)

MARC details
000 -الفاتح
حقل البيانات ثابتة الطول 02223cam a2200337 i 4500
005 - وقت وتاريخ اخر تعامل مع التسجيلة
رقم الضبط 20240530110620.0
008 - عناصر البيانات ثابتة الطول - معلومات عامة
حقل البيانات ثابتة الطول 150302s2014 ua a b 001 0 eng d
020 ## - الرقم الدولى المعيارى للكتب
الرقم الدولى المعيارى للكتاب 9789774166006
020 ## - الرقم الدولى المعيارى للكتب
الرقم الدولى المعيارى للكتاب 9774166000
040 ## - مصدر الفهرسة
وكالة النسخ EG-CaGPL
082 04 - رقم تصنيف ديوى العشرى
رقم الطبعة 21
رقم التصنيف 739.23\
رقم المادة R S
100 1# - المدخل الرئيسى - إسم شخصى
الإسم الشخصى Ransom, Marjorie,
الدور author.
245 10 - بيان العنوان
العنوان Silver treasures from the land of Sheba :
بقية العنوان regional Yemeni jewelry /
بيان المسئوليه,etc Marjorie Ransom ; photographs of jewelry and costumes by Robert K. Liu.
300 ## - الوصف المادى
التعداد xvii, 246 pages :
تفاصيل ماديه اخرى للوعاء color illustrations ;
أبعاد الوعاء 22 x 25 cm
504 ## - تبصرة ببليوجرافية
تبصرة ببليوجرافية,الخ Includes bibliographical references and index.
650 #0 - المدخل الاضافى بالموضوع-مصطلح موضوعى
مصطلح موضوعي Silver jewelry
التقسيم الفرعي الجغرافي Yemen (Republic)
650 #0 - المدخل الاضافى بالموضوع-مصطلح موضوعى
مصطلح موضوعي Yemenis
التقسيم الفرعي العام Clothing.
700 1# - المدخل الاضافى - اسم شخصى
الإسم الشخصى Liu, Robert K.,
الدور photographer.
942 ## - عناصر المدخل الإضافي( كوها)
مصدر التصنيف او مخطط الترفيف Dewey Decimal Classification
Koha [default] item type كتاب
264 #1 -
-- Cairo, Egypt ;
-- New York :
-- The American University in Cairo Press,
-- 2014
336 ## -
-- text
-- rdacontent
336 ## -
-- still image
-- rdacontent
337 ## -
-- unmediated
-- rdamedia
338 ## -
-- volume
-- rdacarrier
520 8# - التبصرة الخاصة بالتعليق أو التلخيص
ملخص,الخ This book documents a disappearing artistic and cultural tradition with over three hundred photographs showing individual pieces, rare images of women wearing their jewelry with traditional dress, and the various regions in Yemen where the author did her field research. Ransom's descriptions of the people she met and befriended, and her exploration of the significance of a woman's handmade jewelry with its attributes of power, protection, beauty, and personal identity, are a rich source of information that will appeal to ethnic jewelry fans, ethnographers, jewelry designers, and art historians. Amulet cases, hair ornaments, bridal headdresses, earrings, necklaces, ankle and wrist bracelets are all beautifully photographed in intricate detail, interspersed with the author's own photographs of the women who shared their stories and their hospitality with her.
856 41 - الوصول و الموقع الالكترونى
مواد محددة Table of contents only
معرف المصدر الموحد http://www.loc.gov/catdir/enhancements/fy1508/2015300410-t.html
856 42 - الوصول و الموقع الالكترونى
مواد محددة Publisher description
معرف المصدر الموحد http://www.loc.gov/catdir/enhancements/fy1508/2015300410-d.html
856 42 - الوصول و الموقع الالكترونى
مواد محددة Contributor biographical information
معرف المصدر الموحد http://www.loc.gov/catdir/enhancements/fy1508/2015300410-b.html
Holdings
حالة التراجع حالة الفقد مصدر التصنيف او خطة الترفيف حالة تلف ليس للاعارة المكان المؤقت الموقع الحالى موقع الترفيف تاريخ الاكتساب اجمالي اﻻعارات رقم الطلب الباركود تاريخ اخر مشاهدة تاريخ تفعيل السعر نوع وعاء كوها
    ddc     مكتبة القاهرة الكبرى مكتبة القاهرة الكبرى   12/19/2016   739.23\ R S 162987 12/19/2016 12/19/2016 كتاب

Powered By

EGPV